000 00809nam a2200253 a 4500
003 CO-ViMGA
005 20230915234538.0
008 081203s2009 ck gr 00010bspa d
020 _a9789584517272
040 _aCO-ViMGA
_bspa
_cCO-ViMGA
082 0 4 _a306.872
_bD73e1
100 1 _aDresel, Walter,
_d1945-.
_99556
245 1 0 _aEntre tú y yo :
_bla incomunicación y el desencuentro en las relaciones amorosas /
_cWalter Dresel.
260 3 _aBogotá :
_bGrupo Editorial Norma,
_c2009.
300 _a281 p. ;
_c21 cm.
504 _aIncluye bibliografía.
650 1 4 _aConflictos conyugales.
_99558
650 1 4 _aParejas
_x Convivencia.
_99557
650 1 4 _aAmor.
_92684
650 1 4 _aAutoestima.
_97691
650 1 4 _aRelaciones de pareja.
_93885
650 1 4 _aRespeto.
_99559
942 _2ddc
_cBK
999 _c37970
_d37970